BSOP header

A religious reflection on the press {ch} / (Record no. 26772)

MARC details
000 -LEADER
fixed length control field 01025nam a2200229 4500
008 - FIXED-LENGTH DATA ELEMENTS--GENERAL INFORMATION
fixed length control field 060606s2001 hk a 000 0 chi d
020 ## - INTERNATIONAL STANDARD BOOK NUMBER
International Standard Book Number 9622446531 : HK45/33.80/Php224.30
090 ## - LOCALLY ASSIGNED LC-TYPE CALL NUMBER (OCLC); LOCAL CALL NUMBER (OCLC)
Classification number (OCLC) (R) ; Classification number, CALL (RLIN) (NR) PN4756/R27h
245 10 - TITLE STATEMENT
Title A religious reflection on the press {ch} /
Statement of responsibility, etc [zuo zhe Xianggang Jidu tu xin wen cong ye yuan tuan qie ; zhu bian Lao Guanxiang].
260 ## - PUBLICATION, DISTRIBUTION, ETC. (IMPRINT)
Place of publication, distribution, etc Hong Kong :
Name of publisher, distributor, etc China Alliance Press,
Date of publication, distribution, etc 2001.
300 ## - PHYSICAL DESCRIPTION
Extent xiii, 179 p. :
Other physical details ill. ;
Dimensions 22 cm.
490 1# - SERIES STATEMENT
Series statement A collection from Mantes' arms;
Volume number/sequential designation 2.
490 1# - SERIES STATEMENT
Series statement Tang bei ji ;
Volume number/sequential designation 2.
650 #4 - SUBJECT ADDED ENTRY--TOPICAL TERM
Topical term or geographic name as entry element Journalistic ethics
Geographic subdivision China
-- Hong Kong {ch}.
650 #4 - SUBJECT ADDED ENTRY--TOPICAL TERM
Topical term or geographic name as entry element Journalists
General subdivision Religious life
Geographic subdivision China
-- Hong Kong {ch}.
650 #4 - SUBJECT ADDED ENTRY--TOPICAL TERM
Topical term or geographic name as entry element Mass media
Geographic subdivision China
-- Hong Kong {ch}.
650 #4 - SUBJECT ADDED ENTRY--TOPICAL TERM
Topical term or geographic name as entry element Reporters and reporting
Geographic subdivision China
-- Hong Kong {ch}.
951 ## - EQUIVALENCE OR CROSS-REFERENCE-GEOGRAPHIC NAME/AREA NAME [OBSOLETE] [CAN/MARC only]
General subdivision 00033315
700 1# - ADDED ENTRY--PERSONAL NAME
Personal name Lo, Ivan.
710 22 - ADDED ENTRY--CORPORATE NAME
Corporate name or jurisdiction name as entry element Hong Kong Christian Journalist Fellowship.
740 02 - ADDED ENTRY--UNCONTROLLED RELATED/ANALYTICAL TITLE
Uncontrolled related/analytical title Po kou shang de tang lang : xin wen xian shang de xin yang fan sheng sheng.
951 ## - EQUIVALENCE OR CROSS-REFERENCE-GEOGRAPHIC NAME/AREA NAME [OBSOLETE] [CAN/MARC only]
-- C-7593
-- PN4756/R27h
-- 070613111556046
-- 2000-12-21
-- REF-CH
Holdings
Withdrawn status Lost status Damaged status Not for loan Home library Current library Shelving location Date acquired Accession number Shelving control number Total Checkouts Full call number Barcode Date last seen Price effective from Koha item type
        BSOP Library BSOP Library Reference Chinese 12/21/2000 C-7593 127   PN4756/R27h 00033315 02/23/2013 02/23/2013 Books
BSOP

Biblical Seminary of the Philippines
  All rights Reserved
  © 2024

CONTACT INFORMATION

Biblical Seminary of the Philippines,
  77-B Karuhatan Road, Valenzuela City,
  PHILIPPINES 1441
  Phone: +632 8292-6795 / 8292-6798
  Fax : +632 8292-6675
  Email: library@bsop.edu.ph